Sifat solat Nabi berdasarkan ta'bir dan sunnah

Bibliographic Details
Main Author: Al-Albani, Muhammad Nasiruddin
Format: Book
Subjects:

MARC

LEADER 00000cam a2200000 7i4500
001 0000013885
005 20080205.0
008 080205
020 |a 9831970268 
090 0 0 |a 297.382   |b ALB 
100 1 |a Al-Albani, Muhammad Nasiruddin 
245 1 0 |a Sifat solat Nabi berdasarkan ta'bir dan sunnah   |c Muhammad Nasiruddin Al-Albani 
650 0 |a Prayer   |x Islam 
999 |a 0001009938   |b Book   |c Adult Collection   |e Perbadanan Perpustakaan Awam Johor